<?xml version="1.0" encoding="UTF-8"?>
<collection xmlns="http://www.loc.gov/MARC21/slim">
<record>
  <controlfield tag="001">163743</controlfield>
  <controlfield tag="005">20251030150827.0</controlfield>
  <datafield tag="024" ind1="7" ind2=" ">
    <subfield code="2">doi</subfield>
    <subfield code="a">10.1177/17479541251370191</subfield>
  </datafield>
  <datafield tag="024" ind1="8" ind2=" ">
    <subfield code="2">sideral</subfield>
    <subfield code="a">145362</subfield>
  </datafield>
  <datafield tag="037" ind1=" " ind2=" ">
    <subfield code="a">ART-2025-145362</subfield>
  </datafield>
  <datafield tag="041" ind1=" " ind2=" ">
    <subfield code="a">eng</subfield>
  </datafield>
  <datafield tag="100" ind1=" " ind2=" ">
    <subfield code="a">Asian-Clemente, Jose A.</subfield>
  </datafield>
  <datafield tag="245" ind1=" " ind2=" ">
    <subfield code="a">Goal! What happens before and after the goal? The demands of competition before and after a goal are different from the average match</subfield>
  </datafield>
  <datafield tag="260" ind1=" " ind2=" ">
    <subfield code="c">2025</subfield>
  </datafield>
  <datafield tag="520" ind1="3" ind2=" ">
    <subfield code="a">The objectives were: 1) compare the external load before and after a goal with average match demands, and 2) analyze differences in response of players pre and post goal scored and conceded. 23 official matches of twenty-two youth professional soccer players (age = 20.6 ± 1.8 years, weight = 73.0 ± 7.1 kg, and height = 1.80 ± 7.4 m) were monitored. With Global Positioning System (GPS) were obtained the Distance Covered (DC), DC >21 km·h−1, DC >24 km·h−1, Player Load, accelerations and decelerations (±2–3 m·s−2 and ±3 m·s−2) during the mean of the matches (Team) and in the 5 and 10 min before (Pre5 and Pre10) and after (Post5 and Post10) the goals scored and conceded. DC >24 km·h−1 was higher to the Team in all periods independently of the goal status (p ≤ 0.05). Similarly, Team showed lower DC >21 km·h−1 than Pre5 in goals scored and Post5 in goals conceded (p ≤ 0.05). DC, Player Load (except, Pre10), as well as much of the accelerations and decelerations periods were reduced when the goal was conceded (p ≤ 0.05). Similarly, accelerations and decelerations were reduced in Post5 when the goal was scored, including accelerations between 2–3 m·s−2 in Post10 and higher than 3 m·s−2 in Pre5 (p ≤ 0.05). Comparing the same period of scoring or conceding a goal, small differences were observed with higher values during goals scored (p ≤ 0.05). Around goal moments, players’ external load change compared to the match average, varying depending on whether the goal is scored or conceded, and the period analyzed.</subfield>
  </datafield>
  <datafield tag="506" ind1="0" ind2=" ">
    <subfield code="a">Access copy available to the general public</subfield>
    <subfield code="f">Unrestricted</subfield>
  </datafield>
  <datafield tag="540" ind1=" " ind2=" ">
    <subfield code="9">info:eu-repo/semantics/openAccess</subfield>
    <subfield code="a">All rights reserved</subfield>
    <subfield code="u">http://www.europeana.eu/rights/rr-f/</subfield>
  </datafield>
  <datafield tag="655" ind1=" " ind2="4">
    <subfield code="a">info:eu-repo/semantics/article</subfield>
    <subfield code="v">info:eu-repo/semantics/acceptedVersion</subfield>
  </datafield>
  <datafield tag="700" ind1=" " ind2=" ">
    <subfield code="a">Galiano, Carlos</subfield>
  </datafield>
  <datafield tag="700" ind1=" " ind2=" ">
    <subfield code="a">Muriarte, Diego</subfield>
  </datafield>
  <datafield tag="700" ind1=" " ind2=" ">
    <subfield code="a">Beltrán-Garrido, Jose V.</subfield>
  </datafield>
  <datafield tag="700" ind1=" " ind2=" ">
    <subfield code="a">Asín-Izquierdo, Iván</subfield>
    <subfield code="u">Universidad de Zaragoza</subfield>
    <subfield code="0">(orcid)0000-0002-0541-2050</subfield>
  </datafield>
  <datafield tag="710" ind1="2" ind2=" ">
    <subfield code="1">3001</subfield>
    <subfield code="2">187</subfield>
    <subfield code="a">Universidad de Zaragoza</subfield>
    <subfield code="b">Dpto. Expres.Music.Plást.Corp.</subfield>
    <subfield code="c">Área Didáctica Expres.Corporal</subfield>
  </datafield>
  <datafield tag="773" ind1=" " ind2=" ">
    <subfield code="g">(2025), [23 pp.]</subfield>
    <subfield code="p">Int. j. sports sci. coach.</subfield>
    <subfield code="t">INTERNATIONAL JOURNAL OF SPORTS SCIENCE &amp; COACHING</subfield>
    <subfield code="x">1747-9541</subfield>
  </datafield>
  <datafield tag="856" ind1="4" ind2=" ">
    <subfield code="s">1409588</subfield>
    <subfield code="u">http://zaguan.unizar.es/record/163743/files/texto_completo.pdf</subfield>
    <subfield code="y">Postprint</subfield>
  </datafield>
  <datafield tag="856" ind1="4" ind2=" ">
    <subfield code="s">1380480</subfield>
    <subfield code="u">http://zaguan.unizar.es/record/163743/files/texto_completo.jpg?subformat=icon</subfield>
    <subfield code="x">icon</subfield>
    <subfield code="y">Postprint</subfield>
  </datafield>
  <datafield tag="909" ind1="C" ind2="O">
    <subfield code="o">oai:zaguan.unizar.es:163743</subfield>
    <subfield code="p">articulos</subfield>
    <subfield code="p">driver</subfield>
  </datafield>
  <datafield tag="951" ind1=" " ind2=" ">
    <subfield code="a">2025-10-30-14:40:06</subfield>
  </datafield>
  <datafield tag="980" ind1=" " ind2=" ">
    <subfield code="a">ARTICLE</subfield>
  </datafield>
</record>
</collection>